002300000a220007300045001000021000002450072000213000049000937730014001421 aLarsen, Evaristo10aNuestros tataramédicos : Imágenes de la historia de la medicina aVol. 56, Num. 56 (Julio, 1994), Páginas 550 tCambio 16